[Event "SLO-chT U20"]
[Site "Slovenia"]
[Date "2002.??.??"]
[Round "1"]
[White "Jovic, Saso"]
[Black "Hocevar, Bostjan"]
[Result "0-1"]
[WhiteElo "1500"]
[BlackElo "1750"]
[PlyCount "102"]
[EventDate "2002.08.??"]
[EventType "team"]
[EventRounds "9"]
[EventCountry "SLO"]
[SourceTitle "EXT 2005"]
[Source "ChessBase"]
[SourceDate "2004.11.15"]
[SourceVersion "1"]
[SourceVersionDate "2004.11.15"]
[SourceQuality "1"]

1. e4 c5 2. Nc3 Nc6 3. g3 d6 4. Bg2 Nf6 5. d3 g6 6. f4 Bg4 7. Nge2 Bg7 8. 0-0 Rb8 9. h3 Bd7 10. Rb1 b5 11. Nd5 0-0 12. Nxf6+ Bxf6 13. g4 Qa5 14. a3 b4 15. Bd2 Qb6 16. Be3 bxa3 17. bxa3 Qa5 18. g5 Bh8 19. f5 Qxa3 20. Rxb8 Rxb8 21. fxg6 hxg6 22. Nf4 c4 23. Nd5 Be6 24. Nf4 cxd3 25. cxd3 Qb3 26. Nxe6 Qxe6 27. Qa4 Qd7 28. Rc1 Rc8 29. d4 Bg7 30. Qa6 Rc7 31. d5 Nb4 32. Rxc7 Qxc7 33. Qxa7 Qc3 34. Qb8+ Kh7 35. Bf2 Nd3 36. Qb1 Nxf2 37. Kxf2 Bd4+ 38. Ke2 Qe3+ 39. Kd1 Qg1+ 40. Kc2 Qxg2+ 41. Kd3 Be5 42. Qe1 Qg3+ 43. Qxg3 Bxg3 44. Ke3 f6 45. Kf3 Be5 46. h4 Kg7 47. Kg4 fxg5 48. hxg5 Kf7 49. Kf3 e6 50. dxe6+ Kxe6 51. Kg4 Bb2 0-1

[Event "SLO-chT U20"]
[Site "Slovenia"]
[Date "2002.??.??"]
[Round "5"]
[White "Skrlep, Jaka"]
[Black "Jovic, Saso"]
[Result "0-1"]
[WhiteElo "1658"]
[BlackElo "1500"]
[PlyCount "72"]
[EventDate "2002.08.??"]
[EventType "team"]
[EventRounds "9"]
[EventCountry "SLO"]
[SourceTitle "EXT 2005"]
[Source "ChessBase"]
[SourceDate "2004.11.15"]
[SourceVersion "1"]
[SourceVersionDate "2004.11.15"]
[SourceQuality "1"]

1. e4 c5 2. Nc3 Nc6 3. g3 g6 4. Bg2 Bg7 5. f4 d6 6. Nf3 e6 7. 0-0 Nge7 8. d3 0-0 9. Qe1 e5 10. Nh4 Nd4 11. Rf2 Rb8 12. Qf1 b5 13. f5 gxf5 14. exf5 f6 15. Bh3 b4 16. Nb1 Ba6 17. Qd1 c4 18. dxc4 Bxc4 19. Qg4 Qb6 20. Kh1 Bd5+ 21. Bg2 Bxg2+ 22. Nxg2 Qc6 23. Bh6 Ndxf5 24. Bxg7 Nxg7 25. c3 Nd5 26. Qf3 f5 27. Ne3 Ne7 28. Qxc6 Nxc6 29. Nd5 Rf7 30. Nd2 bxc3 31. bxc3 Rb2 32. a4 Na5 33. Rg2 Rxd2 34. Rxd2 Nb3 35. Rb2 Nxa1 36. Rb8+ Rf8 0-1

[Event "SLO-chT U20"]
[Site "Slovenia"]
[Date "2002.??.??"]
[Round "2"]
[White "Tomazin, Tomaz"]
[Black "Jovic, Saso"]
[Result "1/2-1/2"]
[WhiteElo "1782"]
[BlackElo "1500"]
[PlyCount "68"]
[EventDate "2002.08.??"]
[EventType "team"]
[EventRounds "9"]
[EventCountry "SLO"]
[SourceTitle "EXT 2005"]
[Source "ChessBase"]
[SourceDate "2004.11.15"]
[SourceVersion "1"]
[SourceVersionDate "2004.11.15"]
[SourceQuality "1"]

1. d4 d5 2. Nf3 Nf6 3. c4 c6 4. Nc3 e6 5. cxd5 cxd5 6. g3 Be7 7. Bg2 0-0 8. 0-0 Bd7 9. Bf4 a6 10. Qb3 b5 11. Rac1 Nc6 12. Qc2 Nb4 13. Qd1 a5 14. a3 Na6 15. Qd3 b4 16. axb4 Nxb4 17. Qd2 Nh5 18. Bg5 Bxg5 19. Qxg5 Qxg5 20. Nxg5 Nf6 21. Nf3 Rfb8 22. Ne5 Be8 23. e3 Nd7 24. Nxd7 Bxd7 25. Rfd1 g6 26. Bf1 Na6 27. Ra1 Nc7 28. Ra2 a4 29. Rda1 Rb4 30. b3 Rxb3 31. Nxa4 Bxa4 32. Rxa4 Rxa4 33. Rxa4 Nb5 34. Bxb5 Rxb5 1/2-1/2